Finančná gramotnosť a racionalita – prieskum racionality

Popis problematiky finančnej gramotnosti a behaviorálnych odchýlok od racionality a overenie fungovania teoretických predpokladov behaviorálnych financií na vybranej vzorke študentov.

Salvato in:
Dettagli Bibliografici
Autore principale: Pilch, Ctibor, 1957-
Natura: Capitolo di libro
Lingua:slovacco
Soggetti:
Tags: Aggiungi Tag
Nessun Tag, puoi essere il primo ad aggiungerne!!

MARC

LEADER 00000naa a2200000 4500
001 0250809
005 20260205071858.6
041 0 |a slo 
044 |a SK 
245 1 0 |a Finančná gramotnosť a racionalita – prieskum racionality  |c Ctibor Pilch 
520 |a Popis problematiky finančnej gramotnosti a behaviorálnych odchýlok od racionality a overenie fungovania teoretických predpokladov behaviorálnych financií na vybranej vzorke študentov. 
610 2 0 |a financie behaviorálne 
610 2 0 |a gramotnosť finančná 
610 2 0 |a racionalita ekonomická 
610 2 0 |a výskum ekonomický 
610 2 0 |a študenti 
100 1 |a Pilch, Ctibor, 1957-